000 00714nam a2200193 a 4500
003 0
005 20250321102256.0
008 090507s19uu xx uuu eng d
050 _aPHS HQ 755.85
_b.K49 2008
100 _aKim, Jae Woo.
245 _aEffect of maternal absenteeism on academic performance /
_cKim Jae Woo.
260 _aLas PiƱas City, Philippines :
_bSouthville International School and Colleges,
_c2008.
300 _a32 pages :
_billustrations ;
_c29 cm.
504 _aIncludes bibliographical references.
650 _aMother and child
_xPsychological aspects.
650 _aAcademic achievement
_xPsychological aspects.
650 _aParental absence
_xEducational aspects.
942 _2lcc
_cPASS
999 _c98140
_d98140